|
|
|
|
| LEADER |
01827cam a2200265 u 4500 |
| 001 |
10087553 |
| 003 |
GR-PaULI |
| 005 |
20250227142119.0 |
| 008 |
250227s2023 gr a f gre d |
| 020 |
|
|
|a 9789603866534
|
| 040 |
|
|
|a GR-PaULI
|c GR-PaULI
|b gre
|e AACR2
|
| 082 |
0 |
4 |
|a 726.509 495 9
|2 23
|
| 100 |
1 |
|
|a Γιαπιτσόγλου, Κώστας Δ.
|9 208577
|e συγγραφέας.
|
| 245 |
1 |
2 |
|a Ο Ναός του Μιχαήλ Αρχαγγέλου και του Ευαγγελισμού της Θεοτόκου στα Λιβάδια Μυλοποτάμου /
|b
|c γενική επιμέλεια Αναστασία Τσιγκουνάκη ; κείμενα Κώστα Γιαπιτσόγλου, Νικολέττα Πύρρου = The Church of the Archangel Michael and Annunciation of the Virgin at Livadia, Mylopotamos / edited by Anastasia Tzigounaki ; texts Kostas Giapitsoglou, Nikoletta Pyrrou.
|
| 246 |
1 |
1 |
|a The Church of the Archangel Michael and Annunciation of the Virgin at Livadia, Mylopotamos
|
| 260 |
|
|
|a Αθήνα :
|b Lamda Development,
|c 2024.
|
| 300 |
|
|
|a 313 σ. :
|b εικ. ;
|c 35 εκ.
|
| 504 |
|
|
|a Περιλαμβάνει βιβλιογραφία.
|
| 610 |
2 |
0 |
|a Ναός Μιχαήλ Αρχαγγέλου (Λιβάδια Μυλοποτάμου, Ρέθυμνο)
|9 208579
|
| 610 |
2 |
0 |
|a Ναός Ευαγγελισμού της Θεοτόκου (Λιβάδια Μυλοποτάμου, Ρέθυμνο)
|9 208580
|
| 700 |
1 |
|
|a Τζιγκουνάκη, Αναστασία
|9 187805
|e επιμελήτρια.
|
| 700 |
1 |
|
|a Πύρρου, Νικολέττα
|9 208578
|e συγγραφέας.
|
| 942 |
|
|
|2 ddc
|c BK
|
| 952 |
|
|
|0 0
|1 0
|2 ddc
|4 0
|6 726_509000000000000_495_9_ΓΙΑ
|7 0
|9 388137
|a LISP
|b LISP
|c BSC
|d 2025-02-27
|i 093098
|l 0
|o 726.509 495 9 ΓΙΑ
|p 025000317024
|r 2025-02-27 14:22:43
|t 1
|w 2025-02-27
|y BK15
|
| 999 |
|
|
|c 225208
|d 225208
|